FlightReacts' Top 100 NBA Players of All Time - Statistics

General Stats
  • This quiz has been taken 126 times
  • The average score is 43 of 100
Answer Stats
Hint Answer % Correct
5 LeBron James
99%
1 Stephen Curry
98%
3 Michael Jordan
96%
8 Shaquille O'neal
84%
4 Kobe Bryant
80%
2 Wilt Chamberlain
78%
11 Kevin Durant
77%
23 Kareem Abdul-Jabbar
76%
24 Magic Johnson
76%
29 Klay Thompson
75%
16 Larry Bird
75%
68 Draymond Green
67%
12 Nikola Jokic
67%
7 Allen Iverson
66%
73 Jerry West
66%
27 Tim Duncan
66%
9 Giannis Antetokounmpo
65%
22 Bill Russell
64%
10 Luka Doncic
62%
38 Russell Westbrook
60%
30 Dwyane Wade
59%
52 James Harden
58%
41 Kyrie Irving
58%
17 Hakeem Olajuwon
57%
80 Julius Erving
56%
6 Victor Wembanyama
56%
14 Carmelo Anthony
54%
49 Kawhi Leonard
53%
63 Scottie Pippen
53%
75 Jermaine O'Neal
52%
54 Dirk Nowitzki
51%
57 Kevin Garnett
49%
46 Steve Nash
49%
51 Chris Paul
48%
77 Karl Malone
48%
88 Jayson Tatum
47%
79 Moses Malone
47%
13 Paul George
47%
60 Ray Allen
47%
92 Chris Bosh
46%
76 David Robinson
46%
66 Joel Embiid
46%
34 Anthony Davis
45%
40 Damian Lillard
45%
89 John Wall
45%
48 Tracy McGrady
45%
58 Paul Pierce
44%
83 Jason Kidd
43%
55 Jimmy Butler
43%
82 Bob Cousy
42%
56 Isaiah Thomas
42%
26 Oscar Robertson
42%
81 Clyde Drexler
41%
25 Derrick Rose
41%
33 Shai Gilgeous-Alexander
40%
32 Ja Morant
38%
18 John Stockton
38%
90 Ben Wallace
37%
53 Charles Barkley
37%
28 Deron Williams
37%
59 Gary Payton
37%
37 Devin Booker
36%
78 Patrick Ewing
36%
39 Vince Carter
36%
98 Tim Hardaway
35%
72 Penny Hardaway
34%
20 Bob Pettit
33%
100 Pete Maravich
33%
62 Reggie Miller
33%
85 Dominique Wilkins
32%
67 Pau Gasol
32%
71 Yao Ming
32%
84 George Gervin
30%
87 Robert Parrish
30%
47 Shawn Kemp
30%
61 Chauncey Billups
29%
50 Karl Anthony-Towns
29%
70 Elvin Hayes
27%
86 James Worthy
27%
21 John Havlicek
26%
43 Spud Webb
26%
69 Bernard King
24%
91 Josh Smith
24%
93 Bill Walton
23%
15 Walt Frazier
23%
36 Zion Williamson
22%
65 De'Aaron Fox
20%
35 Monte Ellis
20%
19 Nate Archibald
18%
94 Scottie Barnes
18%
64 Gilbert Arenas
15%
42 Muggsy Bogues
14%
44 Manute Bol
13%
95 Mitch Richmond
13%
96 Latrell Sprewell
12%
31 Elton Brand
11%
97 Richard Hamilton
11%
45 Len Bias
10%
74 Stephon Marbury
10%
99 Amar'e Stoudamire
8%
No matching quizzes found
Score Distribution
Percent of People with Each Score
Percentile by Number Answered
Your Score History
You have not taken this quiz